| 000 | 00599nam a2200217Ia 4500 | ||
|---|---|---|---|
| 003 | GCL | ||
| 008 | 140319s9999 xx 000 0 ara d | ||
| 040 |
_aGCL / _cGCL |
||
| 082 | 0 | 4 |
_a194 _bق ط |
| 100 | 1 | _aفال، جان | |
| 245 | 1 | 0 |
_aطريق الفيلسوف / _cفال، جان |
| 700 | 1 | _aاحمد حمدى محمود | |
| 700 | 1 | _aابوالعلا عفيفى | |
| 260 |
_a[S.N] : _bمؤسسة سجل العرب ، _c1967 |
||
| 300 | _a37 | ||
| 490 | _a | ||
| 650 | 0 | 4 | _aالفلسفة |
| 650 | 0 | 4 | _aالوحدانية |
| 650 | 0 | 4 | _aالفلسفة الغربية |
| 942 |
_2ddc _cBK |
||
| 999 |
_c34971 _d34971 |
||